<?xml version="1.0" encoding="UTF-8"?>
<collection xmlns="http://www.loc.gov/MARC21/slim">
  <record>
    <leader>00000nam  2200000   4500</leader>
    <datafield tag="247" ind1="#" ind2="#">
      <subfield code="a"/>
    </datafield>
    <datafield tag="856" ind1="#" ind2="#">
      <subfield code="a"/>
    </datafield>
    <datafield tag="700" ind1=" " ind2="#">
      <subfield code="a"/>
    </datafield>
    <datafield tag="650" ind1=" " ind2="#">
      <subfield code="a">Pengawasan Pertambangan</subfield>
    </datafield>
    <datafield tag="520" ind1=" " ind2="#">
      <subfield code="a">Dalam kerangka manajemen, planning, organizing, actuating dan controlling (POAC), pengendalian (pengawasan) tambang adalah keniscayaan sehingga tujuan pembangunan sektor pertambangan dapat diwujudkan. Tata kelola tambang harus dibenahi sehingga ada keseimbangan antara keuntungan yang didapatkan dengan kerugian yang ditimbulkannya. Berbagai kebijakan telah dikeluarkan Pemerintah untuk memperbaiki tata kelola pertambangan. Namun demikian praktek korupsi masih marak di dalamnya. Kondisi ini mendorong perlunya pengawasan yang komprehensif terhadap tata kelola tambang melalui pendekatan manajemen risiko. Semua pihak yang terlibat dalam pengawasan tambang harus memiliki tujuan yang sama yakni bagaimana mereka memberikan nilai tambang (value added) dalam penyelenggaraan pembangunan tambang yang lestari dan anti-fraud. Menyikapi kondisi tersebut diatas, penulis ingin berkontribusi dalam pengawasan pertambangan melalui penyusunan suatu pedoman pengawasan berbasis risiko pada sektor pertambangan.Diharapkan pedoman ini akan menjadi acuan yang dapat digunakan oleh seluruh pengawas pada sektor tambang. Perbaikan tata kelola (Governance), penyempurnaan penyelenggaraan manajemen risiko (risks), dan penguatan pemenuhan kepatuhan (compliance) atau GRC adalah hal yang ingin dicapai dari penerapan pengawasan berbasis risiko pada sektor pertambangan.</subfield>
    </datafield>
    <datafield tag="321" ind1="#" ind2="#">
      <subfield code="a"/>
    </datafield>
    <datafield tag="310" ind1="#" ind2="#">
      <subfield code="a"/>
    </datafield>
    <datafield tag="300" ind1="#" ind2="#">
      <subfield code="a">v, 57 hlm. :</subfield>
      <subfield code="b">ill. ;</subfield>
      <subfield code="c">30 cm</subfield>
      <subfield code="e"/>
    </datafield>
    <datafield tag="260" ind1="#" ind2="#">
      <subfield code="a">Jakarta :</subfield>
      <subfield code="b">Pusbangkom Pimnas dan Manajerial ASN. ;</subfield>
      <subfield code="c">2024</subfield>
    </datafield>
    <controlfield tag="001">$a INLIS000000000020858</controlfield>
    <datafield tag="245" ind1="#" ind2="#">
      <subfield code="a">Pengawasan Berbasis Risiko Sebagai Instrumen Pencegahan Fraud Pada Sektor Pertambangan Dalam Rangka Meningkatkan Pertumbuhan Ekonomi</subfield>
      <subfield code="b"/>
      <subfield code="c">Thein Tabero</subfield>
    </datafield>
    <datafield tag="100" ind1=" " ind2="#">
      <subfield code="a">Thein Tabero</subfield>
    </datafield>
    <datafield tag="084" ind1="#" ind2="#">
      <subfield code="a">R 0072 PKN I 2024</subfield>
    </datafield>
    <datafield tag="082" ind1="#" ind2="#">
      <subfield code="a"/>
    </datafield>
    <datafield tag="035" ind1="#" ind2="#">
      <subfield code="a">0010-0426000015</subfield>
    </datafield>
    <datafield tag="020" ind1="#" ind2="#">
      <subfield code="a"/>
    </datafield>
    <controlfield tag="008">$a 260414################g##########0#ind##</controlfield>
    <controlfield tag="005">$a 20260414150316</controlfield>
  </record>
</collection>
